- Giddens, Anthony,
Entry Nombre Personal
001 - NUMERO DE CONTROL
- campo de control: 28380
003 - IDENTIFICADOR DE NUMERO DE CONTROL
- campo de control: DLC
005 - FECHA Y HORA DE LA ÜLTIMA TRANSACCIÓN
- campo de control: 20220328111135.0
008 - DATOS DE LONGITUD FIJA
- campo de control de longitud fija: 220328n| azannaabn |b aaa
010 ## - NÚMERO DE CONTROL DE LA BIBLIOTECA DEL CONGRESO
- Número de control LC: n 79143085
035 ## - NUMERO DE CONTROL
- Número de control: (OCoLC)oca00374286
040 ## - FUENTE DE CATALOGACIÓN
- Agencia original de catalogación: DLC
- Lenguaje de catalogación: spa
- Description conventions: rda
- Agencia de transcripción: DLC
- Agencia que lo modifica: DLC
- Agencia que lo modifica: NjP
- Agencia que lo modifica: InU
- Agencia que lo modifica: Uk
- Agencia que lo modifica: DLC
- Agencia que lo modifica: ICU
- Agencia que lo modifica: DLC
- Agencia que lo modifica: WU
- Agencia que lo modifica: MX-MxUPN
046 ## - FECHAS CON CODIFICACIÓN ESPECIAL
- Fecha de nacimiento: 1938-01-18
- Fuente del formato de fecha: edtf
100 1# - ENCABEZAMIENTO - NOMBRE PERSONAL
- Nombre personal: Giddens, Anthony,
- Fechas asociadas con el nombre: 1938-
372 ## - CAMPO DE ACTIVIDAD
- Field of activity: Sociología
373 ## - GRUPO ASOCIADO
- Associated group: London School of Economics and Political Science
373 ## - GRUPO ASOCIADO
- Associated group: University of Cambridge
374 ## - OCUPACIÓN
- Occupation: Profesor universitario
375 ## - GÉNERO
- Gender: masculino
- Fuente del término: lcdgt
377 ## - LENGUA ASOCIADA
- Language code: eng
400 1# - VEÁSE - NOMBRE DE PERSONA
- Personal name: Giddens, Ėntoni
400 1# - VEÁSE - NOMBRE DE PERSONA
- Personal name: Giddens, Antony
400 1# - VEÁSE - NOMBRE DE PERSONA
- Personal name: Gidens, Entoni
400 0# - VEÁSE - NOMBRE DE PERSONA
- Personal name: Jidengsi
400 1# - VEÁSE - NOMBRE DE PERSONA
- Personal name: Gidnes, Antoni
400 1# - VEÁSE - NOMBRE DE PERSONA
- Personal name: Gkintens, Antoni
670 ## - FUENTE EN LA QUE SE LOCALIZARON DATOS
- Cita de la fuente: Capitalism and modern social theory, 1971.
670 ## - FUENTE EN LA QUE SE LOCALIZARON DATOS
- Cita de la fuente: The consequences of modernity, 1990:
- Información localizada: CIP portada (Anthony Giddens) hoja de fechas (b. 1938)
670 ## - FUENTE EN LA QUE SE LOCALIZARON DATOS
- Cita de la fuente: Beyond left and right, 1994:
- Información localizada: portada (Anthony Giddens) sobrecubierta (prof. of sociology and fellow of King's College, Cambridge)
670 ## - FUENTE EN LA QUE SE LOCALIZARON DATOS
- Cita de la fuente: Sovremennai︠a︡ teoreticheskai︠a︡ sot︠s︡iologii︠a︡, 1995:
- Información localizada: portada (Ėntoni Giddens)
670 ## - FUENTE EN LA QUE SE LOCALIZARON DATOS
- Cita de la fuente: Sociology, 1997:
- Información localizada: portada (Anthony Giddens) cubierta página 4 (director of the London School of Economics and Political Science; formerly professor of sociology and fellow of King's College, Univ. of Cambridge)
670 ## - FUENTE EN LA QUE SE LOCALIZARON DATOS
- Cita de la fuente: Gia henan enallaktiko trito dromo, c2001:
- Información localizada: portada (Antony Giddens)
670 ## - FUENTE EN LA QUE SE LOCALIZARON DATOS
- Cita de la fuente: Tretiot pat, 2002:
- Información localizada: portada (Entoni Gidens)
670 ## - FUENTE EN LA QUE SE LOCALIZARON DATOS
- Cita de la fuente: ALCS database, 20 Apr. 2005
- Información localizada: (nació 18 Jan. 1938)
670 ## - FUENTE EN LA QUE SE LOCALIZARON DATOS
- Cita de la fuente: Quan qiu hua yu di san tiao lu, 2005 :
- Información localizada: portada (Anthony Giddens; Jidengsi)
670 ## - FUENTE EN LA QUE SE LOCALIZARON DATOS
- Cita de la fuente: Sotsyologyah, c2013:
- Información localizada: portada (אנתוני גידנס = Antoni Gidnes) reverso de la portada (Anthony Giddens [in rom.])
670 ## - FUENTE EN LA QUE SE LOCALIZARON DATOS
- Cita de la fuente: Kosmos tōn ragdaiōn allagōn, 2002:
- Información localizada: portada (Antoni Gkintens)
